Statistics for 乌克兰2013州级行政区划

Click here to take the quiz!

General Stats

  • This quiz has been taken 32 times
  • The average score is 13 of 27

Answer Stats

备注州级行政区划% Correct
首都基辅市
97%
基辅州
97%
半岛,鞑靼人克里米亚自治共和国
93%
煤矿、钢铁厂顿涅茨克州
90%
拖拉机厂、坦克工厂哈尔科夫州
87%
机车制造厂卢甘斯克州
83%
第聂伯河口赫尔松州
77%
第三大城市、黑海明珠敖德萨州
77%
奥匈旧称伦贝格利沃夫州
70%
南方设计局第聂伯罗彼得罗夫斯克州
63%
水电站、核电站扎波罗热州
57%
东北边境苏梅州
53%
黑海舰队驻地塞瓦斯托波尔市
50%
大清洗、空军基地文尼察州
47%
黑海造船厂尼古拉耶夫州
43%
取自捷克斯洛伐克外喀尔巴阡州
37%
日托米尔州
33%
俄白乌三国交界切尔尼戈夫州
30%
波乌种族惨案沃伦州
27%
俄国/瑞典大会战波尔塔瓦州
27%
乌克兰专员辖区驻地罗夫诺州
23%
以遇刺的苏联高官命名基洛沃格勒州
17%
东线地狱之门切尔卡瑟州
17%
捷尔诺波尔州
13%
取自罗马尼亚切尔诺夫策州
13%
与哥萨克酋长同名赫梅利尼茨基州
13%
旧称斯坦尼斯拉沃夫伊万诺-弗兰科夫斯克州
10%

Score Distribution

Percentile by Number Answered

Percent of People with Each Score

Your Score History

You have not taken this quiz